000 00578nam a2200229Ia 4500
003 OSt
005 20221005130558.0
006 a|||||r|||| 00| 0
007 ta
008 221004b |||||||| |||| 00| 0 eng d
024 _a13949
037 _cTextual
040 _aCRL
_cCRL
_beng
041 _2eng
_aeng
082 _aO111,3N14,12, 168N20
100 _aAsar Lucknavi
_9638327
245 0 _aRose Alimbert
260 _c1920
650 _aURDU LITERATURE
942 _hO111,3N14,12, 168N20
_cTEXL
_2cc
999 _c1057698
_d1057698